Ekonómi na Slovensku v období 1918 - 1948

Historický pohľad na vývoj výučby ekonomickej teórie na Slovensku. Prehľad najvýznamnejších osobností v dejinách ekonomického myslenia na Slovensku. Profesná a životopisná dráha Imricha Karvaša, Rudolfa Brišku, Petra Žaťka, Mikuláša Borodina a Jána Tarbajovského.

Guardado en:
Detalles Bibliográficos
Autor principal: Unčovský, Ladislav
Formato: Capítulo de libro
Lenguaje:eslovaco
Materias:
Etiquetas: Agregar Etiqueta
Sin Etiquetas, Sea el primero en etiquetar este registro!

MARC

LEADER 00000naa$a2200000$$$4500
001 0036633
005 20230918084937.5
041 0 |a slo 
044 |a SK 
245 1 0 |a Ekonómi na Slovensku v období 1918 - 1948  |c Ladislav Unčovský 
520 |a Historický pohľad na vývoj výučby ekonomickej teórie na Slovensku. Prehľad najvýznamnejších osobností v dejinách ekonomického myslenia na Slovensku. Profesná a životopisná dráha Imricha Karvaša, Rudolfa Brišku, Petra Žaťka, Mikuláša Borodina a Jána Tarbajovského. 
610 2 0 |a osobnosť 
610 2 0 |a teórie ekonomické 
610 2 0 |a dejiny myslenia ekonomického 
610 2 0 |a životopisy 
610 2 0 |a veda ekonomická 
610 2 0 |a výučba vedecká 
610 2 0 |a Slovensko 
100 1 |a Unčovský, Ladislav